Liposzómális formulációk kutatása és fejlesztése akut pankreatitisz kezelése céljából

Elmentve itt :
Bibliográfiai részletek
Szerzők: Németh Zsófia
Kiss Lóránd
Maléth József
Hegyi Péter
Révész Piroska
Jójártné Laczkovich Orsolya
Dokumentumtípus: Cikk
Megjelent: 2018
Sorozat:ACTA PHARMACEUTICA HUNGARICA APHAGO 88, (043) 213-252. No. 4
mtmt:30658743
Online Access:http://publicatio.bibl.u-szeged.hu/15516
LEADER 00981nab a2200253 i 4500
001 publ15516
005 20190708133414.0
008 190522s2018 hu o 0|| magyar d
022 |a 0001-6659 
024 7 |a 30658743  |2 mtmt 
040 |a SZTE Publicatio Repozitórium  |b hun 
041 |a magyar 
100 1 |a Németh Zsófia 
245 1 0 |a Liposzómális formulációk kutatása és fejlesztése akut pankreatitisz kezelése céljából  |h [elektronikus dokumentum] /  |c  Németh Zsófia 
260 |c 2018 
300 |a 215-225 
490 0 |a ACTA PHARMACEUTICA HUNGARICA  |v APHAGO 88, (043) 213-252. No. 4 
700 0 1 |a Kiss Lóránd  |e aut 
700 0 1 |a Maléth József  |e aut 
700 0 1 |a Hegyi Péter  |e aut 
700 0 1 |a Révész Piroska  |e aut 
700 0 2 |a Jójártné Laczkovich Orsolya  |e aut 
856 4 0 |u http://publicatio.bibl.u-szeged.hu/15516/1/NZs_liposzoma.pdf  |z Dokumentum-elérés  
856 4 0 |u http://publicatio.bibl.u-szeged.hu/15516/7/30658743_cimlap_tartj.pdf  |z Dokumentum-elérés